header

The 3CX IP PBX tutorial (Record no. 134991)

MARC details
000 -LEADER
fixed length control field 01292nam a2200313 a 4500
100 1# - MAIN ENTRY--AUTHOR NAME
Personal name Landis, Matthew M.
245 14 - TITLE STATEMENT
Title The 3CX IP PBX tutorial
260 ## - PUBLICATION, DISTRIBUTION, ETC. (IMPRINT)
Place of publication Birmingham [England] :
Name of publisher Packt Pub.,
Year of publication 2010.
300 ## - PHYSICAL DESCRIPTION
Number of Pages v, 212 p. :
Other physical details ill. (some col.).
490 1# - SERIES STATEMENT
Series statement From technologies to solutions
500 ## - GENERAL NOTE
General note Includes index.
650 #0 - SUBJECT ADDED ENTRY--TOPICAL TERM
Topical Term Telephone
700 1# - ADDED ENTRY--PERSONAL NAME
Personal name Lloyd, Robert A.
856 40 - ELECTRONIC LOCATION AND ACCESS
Uniform Resource Identifier http://site.ebrary.com/lib/rucke/Doc?id=10441064

No items available.

© 2026 Rongo University
Contact us: librarian | system librarian | Rongo university